Film di Steven Spielberg per immagini - Morte improvvisa - Statistics

Statistiche generali
  • Questo quiz è stato fatto 330 volte
    45 dall'ultimo reset
  • Il punteggio medio è 5 su 8
Answers on the Grid
Answers color-coded by a green-red scale on the quiz's grid according to % correct below.
 
Statistiche sulle risposte
Risposta % Corretto
Lo squalo
77%
E.T. l'extra-terrestre
77%
Jurassic Park
74%
I predatori dell'arca perduta
69%
La lista di Schindler
54%
Salvate il soldato Ryan
54%
Hook - Capitan Uncino
46%
Lincoln
29%
Nessun quiz corrispondente trovato
Distribuzione punteggi
Percentuale di utenti per punteggio
Percentile per numero di risposta
I tuoi punteggi nel tempo
Non hai fatto questo quiz dall'ultimo reset